000 00635nam a2200205Ia 4500
008 140925s9999 xx 000 0 und d
020 _a1936-2706
100 _aSkinner, Emily Neil.
245 _aJournal of adolescent & adult literacy /
_cEmily Neil Skinner.
_h[electronic resource]
260 _bJohn Wiley & Sons, Inc.,
_cc2014.
516 _aElectronic text
650 _aAdolescent.
650 _aAdult literacy.
650 _aEducation.
650 _aJournal.
830 _aJohn Wiley & Sons, Inc.
856 _uhttp://onlinelibrary.wiley.com/journal/10.1002/%28ISSN%291936-2706
942 _cEJ
999 _c275831
_d275831